LEADER 01997nas 2200661-a 450 001 996217484903316 005 20230222213018.0 011 $a1556-679X 035 $a(OCoLC)60770684 035 $a(CKB)1000000000210408 035 $a(CONSER)--2005213087 035 $a(EXLCZ)991000000000210408 100 $a20050629b20062017 s-- a 101 0 $aeng 135 $aurcnu|||||||| 181 $ctxt$2rdacontent 182 $cc$2rdamedia 183 $acr$2rdacarrier 200 10$aClinical and vaccine immunology 210 $aWashington, DC $cAmerican Society for Microbiology$d©2006- 300 $aRefereed/Peer-reviewed 300 $aTitle from PDF running title (HighWire, viewed Feb. 10, 2006). 311 $a1556-6811 517 1 $aClinical vaccine immunology 517 1 $aCVI 531 $aCLINICAL VACCINE IMMUNOLOGY 531 $aCVI 531 $aCLIN VACCINE IMMUNOL 531 $aCLINICAL AND VACCINE IMMUNOLOGY 531 $aCLIN. VACCINE IMMUNOL 531 0 $aClin. vaccin. immunol. 606 $aImmunodiagnosis$vPeriodicals 606 $aAllergy and Immunology 606 $aImmunotherapy, Active 606 $aHLA-D Antigens 606 $aImmunologic Techniques 606 $aImmunologic Tests 606 $aReceptors, Immunologic 606 $aImmunodiagnosis$2fast$3(OCoLC)fst00967939 608 $aPeriodical. 608 $aComputer network resources. 608 $aPeriodicals.$2fast 608 $aPeriodicals.$2lcgft 610 $aScience 615 0$aImmunodiagnosis 615 12$aAllergy and Immunology. 615 22$aImmunotherapy, Active. 615 22$aHLA-D Antigens. 615 22$aImmunologic Techniques. 615 22$aImmunologic Tests. 615 22$aReceptors, Immunologic. 615 7$aImmunodiagnosis. 676 $a574 712 02$aAmerican Society for Microbiology, 906 $aJOURNAL 912 $a996217484903316 996 $aClinical and vaccine immunology$92208795 997 $aUNISA LEADER 02426nas 2200829-a 450 001 996208199703316 005 20240111213018.0 011 $a1097-0290 035 $a(DE-599)ZDB1480809-2 035 $a(OCoLC)38160910 035 $a(CKB)954925385120 035 $a(CONSER)sn-97001410- 035 $a(EXLCZ)99954925385120 100 $a19980106a19629999 s-- a 101 0 $aeng 135 $aurcnu|||||||| 181 $ctxt$2rdacontent 182 $cc$2rdamedia 183 $acr$2rdacarrier 200 10$aBiotechnology and bioengineering 210 $a[New York, NY] $cJohn Wiley & Sons$d©1962- 215 $a1 online resource 300 $aRefereed/Peer-reviewed 300 $aPublished: [Hoboken, N.J.] : Wiley Periodicals, Inc., <2005-> 300 $aTitle from table of contents (viewed January 10, 2006). 311 $a0006-3592 517 3 $aBiotechnology & bioengineering 517 1 $aCombinatorial chemistry 531 $aBIOTECHNOL BIOENG 531 $aBIOTECH BIO 531 $aBIOTECHNOL. BIOENG 531 0 $aBiotechnol. bioeng. 606 $aBiotechnology$vPeriodicals 606 $aBioengineering$vPeriodicals 606 $aBiochemistry 606 $aMicrobiology 606 $aBiochemistry 606 $aMicrobiology 606 $aBiotechnologie$vPériodiques 606 $aBiochimie 606 $aMicrobiologie 606 $abiochemistry$2aat 606 $amicrobiology$2aat 606 $aMicrobiology$2fast$3(OCoLC)fst01019576 606 $aBiochemistry$2fast$3(OCoLC)fst00831961 606 $aBioengineering$2fast$3(OCoLC)fst00832028 606 $aBiotechnology$2fast$3(OCoLC)fst00832729 608 $aPeriodical 608 $aperiodicals.$2aat 608 $aPeriodicals.$2fast 608 $aPeriodicals.$2lcgft 608 $aPériodiques.$2rvmgf 615 0$aBiotechnology 615 0$aBioengineering 615 0$aBiochemistry. 615 0$aMicrobiology. 615 2$aBiochemistry 615 2$aMicrobiology 615 6$aBiotechnologie 615 6$aBiochimie. 615 6$aMicrobiologie. 615 7$abiochemistry. 615 7$amicrobiology. 615 7$aMicrobiology. 615 7$aBiochemistry. 615 7$aBioengineering. 615 7$aBiotechnology. 676 $a574 906 $aJOURNAL 912 $a996208199703316 996 $aBiotechnology and bioengineering$9799289 997 $aUNISA